MARC

LEADER 00000nam0a2200000 4500
001 93146
005 20231101213853.0
035 |a (RuTPU)RU\TPU\book\99754 
090 |a 93146 
100 |a 20060327d1981 m y0rusy50 ca 
101 0 |a rus 
102 |a UA 
105 |a a z 001zy 
200 1 |a Дегидрирование углеводородов  |f В. К. Скарченко  |g Академия наук Украинской ССР, Институт газа; под ред. К. Е. Махорина 
210 |a Киев  |c Наукова думка  |d 1981 
215 |a 328 с.  |c ил. 
320 |a Список литературы: с. 291-326. 
606 1 |a Углеводороды  |x Дегидрирование  |x (химия)  |2 stltpush  |3 (RuTPU)RU\TPU\subj\75989  |9 87470 
610 1 |a факторы 
610 1 |a механизмы 
610 1 |a катализаторы 
675 |a 547.2/.3:544.4  |v 3 
700 1 |a Скарченко  |b В. К.  |g Владимир Константинович 
702 1 |a Махорин  |b К. Е.  |4 340 
712 0 2 |a Академия наук Украинской ССР  |b Институт газа  |2 stltpush  |3 (RuTPU)RU\TPU\col\11480 
801 1 |a RU  |b 63413507  |c 20060327  |g PSBO 
801 2 |a RU  |b 63413507  |c 20170130  |g PSBO 
942 |c BK